000 00394nam a2200157Ia 4500
008 130318s9999 xx 000 0 und d
020 _a9788126529698
082 _a662.88 MUK/U
100 _aMukunda, H.S
245 _aUnderstanding clean energy and fuels from biomass
260 _bWiley
_aNew Delhi
_c2003
300 _a270
650 _aBIOMASS
650 _aCLEAN ENERGY
650 _aFUEL
999 _c1939
_d1939